000 00296nam a2200121Ia 4500
005 20251222144714.0
008 251222s9999||||xx |||||||||||||| ||spa||
020 _a978-9972-40-398-9
082 _a808.068.3/K82/8
100 _a"Krings, Antoon"
245 0 _aMariela la lib´élula
942 _cLIB
999 _c17939
_d17939